Organizational behaviour / (Record no. 147141)

MARC details
000 -LEADER
fixed length control field 00571nam a22001817a 4500
005 - DATE AND TIME OF LATEST TRANSACTION
control field 20171103163310.0
010 ## - LCCN (DPL NO)
LC control number ENG-121206
020 ## - INTERNATIONAL STANDARD BOOK NUMBER
Terms of availability 150.00
035 ## - SYSTEM CONTROL NUMBER
System control number EN-104738
037 ## - SOURCE OF ACQUISITION
Source of stock number/acquisition DBAD/PUB
082 ## - DEWEY DECIMAL CLASSIFICATION NUMBER
Classification number 658.1
100 ## - MAIN ENTRY--PERSONAL NAME
Personal name Prasad, V.Vijay Durga
245 ## - TITLE STATEMENT
Title Organizational behaviour /
Statement of responsibility, etc by V.Vijay Durga Prasad
260 ## - PUBLICATION, DISTRIBUTION, ETC. (IMPRINT)
Place of publication, distribution, etc Machilipatnam
Name of publisher, distributor, etc Duvvuri Publications
Date of publication, distribution, etc 2011
270 ## - ADDRESS
Address Duvvuri Publications , M.I.G.-143, A.P.H.B. Colony, Machilipatnam
City Machilipatnam
Postal code 521001
300 ## - PHYSICAL DESCRIPTION
Extent x, 228p.
Dimensions 24cm(pbk)
942 ## - ADDED ENTRY ELEMENTS (KOHA)
Source of classification or shelving scheme Dewey Decimal Classification
Item type English Books
Classification part 658.1
Call number suffix VIJ
Holdings
Withdrawn status Lost status Not for loan Collection code Home library Current library Date acquired Cost, normal purchase price Full call number Barcode Copy number Cost, replacement price Koha item type
    Not For Loan Non-fiction D.B.Act.Division Bawana 03/11/2017 150.00 658.1 VIJ EN-104738 1 150.00 English Books

© Delhi Public Library
Hit Counter
free hit counter